Statistics for Capital Cities Anagram Puzzle #2

Click here to take the quiz!

General Stats

  • This quiz has been taken 383 times
  • The average score is 10 of 21

Answer Stats

Hint Answer % Correct
LOSEISeoul
95%
NUTSATunis
91%
BULKYKabul
87%
JIBINGKBeijing
80%
MANIAUManila
78%
TRIBEPBeirut
77%
LINERLBerlin
68%
JOKESUSkopje
68%
NEARBYaren
53%
HYDRARRiyadh
44%
GARBLEDKBelgrade
40%
CRAYONRConakry
38%
BASISOBissau
37%
STONINGIKingston
33%
MINORIMoroni
29%
AMUSEEMaseru
27%
PIANISTEPristina
23%
SPONGIERPSingapore
19%
ACTRESSBCastries
18%
OREGANOAGaborone
17%
STAINPROOFPort-of-Spain
14%

Score Distribution

Percentile by Number Answered

Percent of People with Each Score

Your Score History

You have not taken this quiz